Pirates of the Caribbean : (Record no. 15361)
[ view plain ]
| 000 -LEADER | |
|---|---|
| fixed length control field | 01588nam a22002777a 4500 |
| 008 - FIXED-LENGTH DATA ELEMENTS--GENERAL INFORMATION | |
| fixed length control field | 110522s2008 enk|||||r|||| 000 j eng d |
| 020 ## - INTERNATIONAL STANDARD BOOK NUMBER | |
| International Standard Book Number | 1405867736 |
| 020 ## - INTERNATIONAL STANDARD BOOK NUMBER | |
| International Standard Book Number | 9781405867733 |
| 020 ## - INTERNATIONAL STANDARD BOOK NUMBER | |
| International Standard Book Number | 9781405885485(CD-ROM) |
| 082 ## - DEWEY DECIMAL CLASSIFICATION NUMBER | |
| Edition number | 22 |
| Classification number | 428.6 |
| Item number | TRI |
| 100 ## - MAIN ENTRY--PERSONAL NAME | |
| 9 (RLIN) | 24024 |
| Personal name | Trimble, Irene |
| 245 ## - TITLE STATEMENT | |
| Title | Pirates of the Caribbean : |
| Remainder of title | Dead Man's Chest / |
| Statement of responsibility, etc | Irene Trimble ; retold by Karen Holmes. |
| 260 ## - PUBLICATION, DISTRIBUTION, ETC. (IMPRINT) | |
| Place of publication, distribution, etc | Harlow : |
| Name of publisher, distributor, etc | Pearson , 2008. |
| Date of publication, distribution, etc | 2008 |
| 300 ## - PHYSICAL DESCRIPTION | |
| Extent | 56 p. : |
| Other physical details | col. ill. ; |
| Dimensions | 20 cm. + |
| Accompanying material | 2 CD-ROMs (4 3/4 in.) |
| 490 ## - Series Statement | |
| -- | 5756 |
| Series statement | Penguin readers ; |
| -- | Level 3 |
| 500 ## - GENERAL NOTE | |
| General note | Based on characters created by Ted Elliot & Terry Rossio and Stuart Beattie and Jay Wolpert ; Written by Ted Elliott & Terry Rossio ; Based on Walt Disney's Pirates of the Caribbean; Produced by Jerry Bruckheimer ; Directed by Gore Verbinski |
| 521 ## - TARGET AUDIENCE NOTE | |
| Target audience note | A2: Pre-Intermediate |
| 650 ## - SUBJECT ADDED ENTRY--TOPICAL TERM | |
| 9 (RLIN) | 24027 |
| Topical term or geographic name as entry element | Pirates |
| Form subdivision | Fiction |
| Geographic subdivision | Caribbean Area |
| 650 ## - SUBJECT ADDED ENTRY--TOPICAL TERM | |
| 9 (RLIN) | 24028 |
| Topical term or geographic name as entry element | Treasure troves |
| Form subdivision | Fiction |
| General subdivision | Caribbean Area |
| 653 ## - INDEX TERM--UNCONTROLLED | |
| Resource For college | |
| Arrived date list | May2011 |
| 700 ## - ADDED ENTRY--PERSONAL NAME | |
| 9 (RLIN) | 24023 |
| Personal name | Holmes, Karen |
| 942 ## - ADDED ENTRY ELEMENTS (KOHA) | |
| Source of classification or shelving scheme | Dewey Decimal Classification |
| Item type | Book - Borrowing |
| Withdrawn status | Item status | Source of classification or shelving scheme | Damaged status | Not for loan | Home library | Current library | Shelving location | Date acquired | Source of acquisition | Cost, normal purchase price | Serial Enumeration / chronology | Total Checkouts | Full call number | Barcode | Date last seen | Date last borrowed | Koha item type | Vendor | Public note |
|---|---|---|---|---|---|---|---|---|---|---|---|---|---|---|---|---|---|---|---|
| Lost and Paid For | Dewey Decimal Classification | Central Library | Central Library | Second Floor | 22/05/2011 | Purchase | 40.00 | 12341 | 1 | 428.6 TRI | 000023641 | 20/10/2011 | 17/10/2011 | Book - Borrowing | |||||
| Dewey Decimal Classification | Central Library | Central Library | Second Floor | 23/05/2011 | 428.6 TRI | 000023642 | 24/08/2022 | CD | DVD - With book | Baccah | Disc 1 | |||||||||
| Dewey Decimal Classification | Central Library | Central Library | Second Floor | 23/05/2011 | 428.6 TRI | 000023643 | 24/08/2022 | CD | DVD - With book | Baccah | Disc 2 |